letters on a tier list - Statistics

General Stats
  • This quiz has been taken 16 times
  • The average score is 5 of 7
Answers on the Grid
Answers color-coded by a green-red scale on the quiz's grid according to % correct below.
S
A
B
C
D
F
E
G
H
I
J
K
L
M
N
O
P
Q
R
T
U
V
W
X
Y
Z
 
Answer Stats
Answer % Correct
A
85%
F
85%
S
77%
B
69%
E
62%
C
54%
D
54%
No matching quizzes found
Score Distribution
Percent of People with Each Score
Percentile by Number Answered
Your Score History
You have not taken this quiz